000 00485nam a2200181Ia 4500
005 20250326130059.0
008 250326s9999 xx 000 0 und d
037 _aTextbook
040 _aFMSL
_beng
_cFMSL
041 _aeng
_2eng
084 _aX625 K9
_qFMSL
100 _aVaze V G
_9242431
245 0 _aImport: commercial practical
_cVaze V G
260 _aLondon
_bLondon, McGraw-Hill
_c1969
300 _a214p
942 _cTB
_hX625 K9
999 _c1280824
_d1280824